000
00294nam a2200109Ia 4500
008
171211s9999 xx 000 0 und d
245
4
_a
The Surrender: An Erotic Memoir
245
_c
Toni Bentley
260
_c
2004
650
_x
Biography
856
_u
http://down.ebook777.com/060/0060732466.pdf
999
_c
349960
_d
349960